01359cam a2200289 a 450000100090000000300040000900500170001300800410003001000170007102000180008804000180010604200080012405000230013208200150015510000300017024500780020025000130027826000360029130000230032750400510035050504170040165000160081870000420083494200360087695201400091299900170105216221285OSt20230826120108.0100507s2011 maua b 001 0 eng  a 2010019639 a9789352862474 aDLCcDLCdDLC apcc00aHF5635b.H813 201100a657bHOR/I aHorngren, Charles T9118300aIntroduction to financial accounting /cCharles T. Horngren ... [et al.]. a11th ed. aBoston :bPrentice Hall,c2018. a601 p., :c29 cm. aIncludes bibliographical references and index.0 aAccounting: the language of business -- Measuring income to assess performance -- Recording transactions -- Accrual accounting and financial statements -- Statement of cash flows -- Accounting for sales -- Inventories and cost of goods sold -- Long-lived assets and depreciation -- Liabilities and interest -- Stockholders? equity -- Intercorporate investments and consolidations -- Financial statement analysis. 0aAccounting. aHorngren, Charles Td1926-2011.91183 2ddccBKh657iHOR/Ik657mHOR/I 00102ddc40708ACCOUNTINGaMESbMEScACCOUNTINGd2023-08-26l0o657 HOR/Ip42212r2023-08-26 12:02:03v980.00w2023-08-26yBKzGL56R1 c42001d42001